[Event "Copenhagen Chess Challenge 2010"]
[Site "Ballerup"]
[Date "2010.??.??"]
[Round "6"]
[White "Eriksson, Christian Altenburg"]
[Black "Frank Nielsen, Marie"]
[Result "1-0"]
[WhiteElo "2155"]
[BlackElo "1992"]
[PlyCount "98"]
[EventDate "2010.??.??"]
[EventType "swiss"]
[EventRounds "9"]
[EventCountry "DEN"]

1. e4 c5 2. c3 g6 3. d4 cxd4 4. cxd4 d5 5. e5 Bg7 6. Nc3 Nc6 7. h3 Nh6 8. g4 f6
9. f4 Nf7 10. Bg2 O-O 11. Nf3 fxe5 12. fxe5 Be6 13. O-O Rc8 14. Ne2 Qb6 15. Kh1
Nb4 16. Ne1 Nh6 17. Rxf8+ Rxf8 18. Nf4 Bf7 19. a3 Nc6 20. Nf3 e6 21. Qd3 Qd8
22. b4 a6 23. Ne2 Kh8 24. Bg5 Qd7 25. a4 Bg8 26. b5 axb5 27. axb5 Nd8 28. Bd2
Nhf7 29. h4 Nh6 30. Bh3 Qe8 31. Rf1 b6 32. Kg2 Nb7 33. Bb4 Rf7 34. Rc1 Na5 35.
Ng5 Ra7 36. Ra1 Nf7 37. Nxf7+ Bxf7 38. g5 Nc6 39. Rxa7 Nxa7 40. Nc3 Qd7 41. Kg3
Be8 42. Bf1 Kg8 43. Qf3 Qf7 44. Bd3 Qxf3+ 45. Kxf3 h6 46. Ke3 Kf7 47. Bd6 hxg5
48. hxg5 Bf8 49. Bc7 Be7 1-0

[Event "Copenhagen Chess Challenge 2010"]
[Site "Ballerup"]
[Date "2010.??.??"]
[Round "6"]
[White "Skjoldager, Mikael"]
[Black "Brondt, Nicolai Kvist"]
[Result "0-1"]
[WhiteElo "1958"]
[BlackElo "2087"]
[PlyCount "160"]
[EventDate "2010.??.??"]
[EventType "swiss"]
[EventRounds "9"]
[EventCountry "DEN"]

1. e4 c6 2. d4 d5 3. Nc3 dxe4 4. Nxe4 Bf5 5. Ng3 Bg6 6. h4 h6 7. Nf3 Nd7 8. h5
Bh7 9. Bd3 Bxd3 10. Qxd3 e6 11. Bf4 Qa5+ 12. Bd2 Bb4 13. c3 Be7 14. c4 Qc7 15.
O-O-O Ngf6 16. Kb1 O-O 17. Qe2 Rad8 18. Ne4 c5 19. Nxf6+ Bxf6 20. Bc3 Qb6 21.
Qd2 Qa6 22. Qe2 cxd4 23. Bxd4 Qa5 24. Bxf6 Nxf6 25. Ne5 Rxd1+ 26. Rxd1 Rd8 27.
Rxd8+ Qxd8 28. g4 Qd4 29. f3 Kf8 30. Kc2 Ke7 31. Qe1 Ne8 32. Qb4+ Nd6 33. Qxb7+
Kf6 34. Nd7+ Kg5 35. Qc6 Nxc4 36. Qb5+ e5 37. Nc5 Ne3+ 38. Kb3 Qd1+ 39. Kc3
Qc1+ 40. Kb4 Qxb2+ 41. Nb3 Nc2+ 42. Kc5 Qc3+ 43. Kd6 Qb4+ 44. Qc5 Qxc5+ 45.
Nxc5 Kf4 46. Nd3+ Kxf3 47. Nxe5+ Kf4 48. a4 Nb4 49. a5 f6 50. Nc6 Nxc6 51. Kxc6
Kxg4 52. Kb7 f5 53. Kxa7 f4 54. Kb6 f3 55. a6 f2 56. a7 f1=Q 57. a8=Q Kxh5 58.
Qd5+ g5 59. Qe5 Qf4 60. Qe8+ Kh4 61. Qe1+ Qg3 62. Qh1+ Qh3 63. Qe4+ Kg3 64.
Qe3+ Kh2 65. Qe2+ Kg1 66. Qe1+ Qf1 67. Qg3+ Kh1 68. Qe5 Qf2+ 69. Ka6 Qa2+ 70.
Kb6 Qb3+ 71. Ka6 Qc4+ 72. Kb6 Qb3+ 73. Ka6 Qd3+ 74. Ka5 Qd2+ 75. Ka6 h5 76. Qf5
Qe2+ 77. Kb6 Qe3+ 78. Ka6 h4 79. Qd5+ Kh2 80. Qa2+ Kg3 0-1

[Event "Copenhagen Chess Challenge 2010"]
[Site "Ballerup"]
[Date "2010.??.??"]
[Round "6"]
[White "Thestrup, Sixten"]
[Black "Andersen, Rune Egede"]
[Result "1-0"]
[WhiteElo "1930"]
[BlackElo "2073"]
[PlyCount "67"]
[EventDate "2010.??.??"]
[EventType "swiss"]
[EventRounds "9"]
[EventCountry "DEN"]

1. c4 e6 2. g3 d5 3. Bg2 Nf6 4. Nf3 Be7 5. O-O O-O 6. Qc2 c5 7. cxd5 exd5 8. d4
b6 9. Nc3 Nc6 10. Rd1 Bb7 11. Bg5 Nb4 12. Qf5 c4 13. a3 g6 14. Qb1 Nc6 15. Ne5
Na5 16. Qc2 Re8 17. Rab1 a6 18. Qc1 b5 19. Qf4 Nb3 20. h4 Rf8 21. Bh6 Nh5 22.
Qf3 Ng7 23. Nxd5 Rb8 24. e4 f5 25. exf5 Rxf5 26. Qe4 Bd6 27. Bg5 Qf8 28. Qe3
Nxd4 29. Nd7 Nc2 30. Qe2 Re8 31. N5f6+ Kh8 32. Nxe8 Qf7 33. Nxd6 Qxd7 34. Nxf5
1-0

[Event "Copenhagen Chess Challenge 2010"]
[Site "Ballerup"]
[Date "2010.??.??"]
[Round "6"]
[White "Tandrup, Michael"]
[Black "Schmidt, Tommy B"]
[Result "1/2-1/2"]
[WhiteElo "1954"]
[BlackElo "2203"]
[PlyCount "36"]
[EventDate "2010.??.??"]
[EventType "swiss"]
[EventRounds "9"]
[EventCountry "DEN"]

1. d4 Nf6 2. Nf3 g6 3. c4 Bg7 4. Nc3 d6 5. e4 O-O 6. Be2 e5 7. dxe5 dxe5 8.
Qxd8 Rxd8 9. Bg5 Rf8 10. Bxf6 Bxf6 11. Nd5 Bd8 12. Nxe5 Re8 13. Ng4 Bxg4 14.
Bxg4 Rxe4+ 15. Be2 Na6 16. Nc3 Re8 17. O-O-O c6 18. Bf3 Bg5+ 1/2-1/2

[Event "Copenhagen Chess Challenge 2010"]
[Site "Ballerup"]
[Date "2010.??.??"]
[Round "6"]
[White "Kallen, Jonas"]
[Black "Poulsen, Iver"]
[Result "1-0"]
[WhiteElo "1893"]
[BlackElo "2140"]
[PlyCount "95"]
[EventDate "2010.??.??"]
[EventType "swiss"]
[EventRounds "9"]
[EventCountry "DEN"]

1. c4 e6 2. g3 d5 3. Nf3 c6 4. Bg2 Nf6 5. O-O Nbd7 6. b3 Bd6 7. Bb2 Qe7 8. d3
O-O 9. Nbd2 e5 10. e4 Nc5 11. Qc2 dxe4 12. dxe4 a5 13. Rfe1 Bg4 14. h3 Bh5 15.
Nh4 Bg6 16. Nxg6 hxg6 17. Bc3 Nfd7 18. a3 Ne6 19. Qb2 Ndc5 20. Bf1 f6 21. Nf3
Rfd8 22. Qc2 Nd7 23. Bb2 c5 24. Nh4 Kf7 25. f4 Nd4 26. Bxd4 cxd4 27. f5 gxf5
28. Nxf5 Qf8 29. Qd1 g6 30. Nh4 Qe7 31. Qg4 Rg8 32. c5 Nxc5 33. Bc4+ Ne6 34.
Rf1 Rae8 35. Rf3 Qd7 36. Raf1 Be7 37. Qg5 Rg7 38. a4 b5 39. axb5 Kg8 40. Qg4
Kf7 41. b6 Bd8 42. Bd5 g5 43. Qh5+ Kf8 44. Ng6+ Kg8 45. Qh8+ Kf7 46. Nxe5+ Ke7
47. Qh6 Kd6 48. Nxd7 1-0

[Event "Copenhagen Chess Challenge 2010"]
[Site "Ballerup"]
[Date "2010.??.??"]
[Round "6"]
[White "Grove, Peter"]
[Black "Schmidt, Horst Hubert"]
[Result "1-0"]
[WhiteElo "2124"]
[BlackElo "1873"]
[PlyCount "113"]
[EventDate "2010.??.??"]
[EventType "swiss"]
[EventRounds "9"]
[EventCountry "DEN"]

1. e4 c6 2. d4 d6 3. Nc3 Nf6 4. Be3 Nbd7 5. Qd2 Ng4 6. Bg5 h6 7. Bh4 g6 8. f4
Bg7 9. Nf3 b5 10. h3 Ngf6 11. e5 b4 12. Nd1 Ne4 13. Qxb4 Rb8 14. Qa4 Qb6 15.
Bd3 d5 16. c3 f5 17. exf6 exf6 18. Qa3 Bf8 19. Qa4 Bd6 20. Bxe4 dxe4 21. Nd2 f5
22. Nc4 Qc7 23. Nxd6+ Qxd6 24. O-O O-O 25. Rf2 Re8 26. Ne3 Nb6 27. Qxa7 Be6 28.
Bf6 Nd7 29. Be5 Nxe5 30. fxe5 Qf8 31. Ng4 Re7 32. Qa4 Bd5 33. c4 Bf7 34. Nf6+
Kg7 35. g4 e3 36. Rf4 Rxb2 37. gxf5 g5 38. Re4 Qb8 39. Rxe3 Rb1+ 40. Re1 Rxa1
41. Rxa1 Qb2 42. Qd1 Bxc4 43. Rc1 Qxa2 44. Ne4 Rb7 45. f6+ Kh8 46. Qh5 Qb3 47.
Nc3 Kh7 48. Rb1 Qxb1+ 49. Nxb1 Rxb1+ 50. Kf2 Rb7 51. Qe8 Rb2+ 52. Ke1 Re2+ 53.
Kd1 Re4 54. f7 Rxd4+ 55. Ke1 Bxf7 56. Qxf7+ Kh8 57. e6 1-0

[Event "Copenhagen Chess Challenge 2010"]
[Site "Ballerup"]
[Date "2010.??.??"]
[Round "6"]
[White "Rostgaard, Tobias Valentin"]
[Black "Vesterli, Michael E"]
[Result "0-1"]
[WhiteElo "2037"]
[BlackElo "1795"]
[PlyCount "120"]
[EventDate "2010.??.??"]
[EventType "swiss"]
[EventRounds "9"]
[EventCountry "DEN"]

1. e4 c5 2. Nc3 d6 3. f4 Nc6 4. Nf3 e6 5. Bb5 Bd7 6. O-O Be7 7. d3 a6 8. Bxc6
Bxc6 9. Qe2 Nh6 10. Bd2 O-O 11. f5 exf5 12. Bxh6 fxe4 13. Nxe4 gxh6 14. Ng3 f5
15. Nxf5 Rxf5 16. Qe6+ Rf7 17. Ng5 Bxg5 18. Rxf7 Qc8 19. Qb3 d5 20. Raf1 Be3+
21. Kh1 Qg4 22. R7f3 Bg5 23. Qc3 Qd4 24. Qe1 Re8 25. Qg3 Qg7 26. h4 Be7 27. Qh3
Kh8 28. Rf7 Qg6 29. Qh2 Bd6 30. Qh3 Qg3 31. Qxg3 Bxg3 32. h5 Rg8 33. Re7 Bh4
34. Ref7 d4 35. Rg1 Rg5 36. Kh2 Rxh5 37. g4 Re5 38. Kh3 Be7 39. Rf5 Re3+ 40.
Rg3 Re1 41. Rgf3 Bxf3 42. Rxf3 Kg7 43. Rf2 Ra1 44. Re2 Kf7 45. a3 Ra2 46. b3
Rxa3 47. Kg3 Ra1 48. Kf4 Bh4 49. Rh2 Bg5+ 50. Ke5 b6 51. Rf2+ Ke8 52. Re2 Be3
53. Kd6 Rf1 54. Kc6 Rf6+ 55. Kd5 Rg6 56. c3 Rxg4 57. b4 cxb4 58. cxd4 Rxd4+ 59.
Ke6 Rxd3 60. Rg2 Bg5 0-1

[Event "Copenhagen Chess Challenge 2010"]
[Site "Ballerup"]
[Date "2010.??.??"]
[Round "6"]
[White "Hansen, Rasmus Agertoft"]
[Black "Langmyhr, Tore"]
[Result "1/2-1/2"]
[WhiteElo "1947"]
[BlackElo "1991"]
[PlyCount "53"]
[EventDate "2010.??.??"]
[EventType "swiss"]
[EventRounds "9"]
[EventCountry "DEN"]

1. d4 f5 2. Bg5 g6 3. Nc3 Bg7 4. Nf3 Nf6 5. e3 d5 6. h4 Be6 7. Bf4 c6 8. Ng5
Bg8 9. Bd3 Nbd7 10. h5 Ne4 11. Bxe4 dxe4 12. hxg6 hxg6 13. Rxh8 Bxh8 14. g4 e5
15. dxe5 Nxe5 16. gxf5 Qxd1+ 17. Rxd1 gxf5 18. Ne2 Bf6 19. Nd4 Nc4 20. b3 Na3
21. Nxf5 Nxc2+ 22. Kf1 Bxg5 23. Bxg5 Bd5 24. Nd6+ Kf8 25. Nxb7 Nb4 26. Nd6 Nxa2
27. Bf6 1/2-1/2

[Event "Copenhagen Chess Challenge 2010"]
[Site "Ballerup"]
[Date "2010.??.??"]
[Round "6"]
[White "Hauge, Lars Oskar"]
[Black "Hvenekilde, Jorgen"]
[Result "0-1"]
[WhiteElo "1823"]
[BlackElo "2128"]
[PlyCount "94"]
[EventDate "2010.??.??"]
[EventType "swiss"]
[EventRounds "9"]
[EventCountry "DEN"]

1. e4 e5 2. Nf3 d6 3. d4 exd4 4. Nxd4 Nf6 5. Nc3 a6 6. Be2 Be7 7. Bf4 O-O 8.
O-O Re8 9. Bf3 Nbd7 10. Bg5 h6 11. Bh4 Ne5 12. Bxf6 Nxf3+ 13. Qxf3 Bxf6 14.
Rad1 g6 15. h3 Bg7 16. Rfe1 Bd7 17. Kh1 b5 18. Nb3 a5 19. Qf4 Ra7 20. Nd5 Qg5
21. Qxg5 hxg5 22. c3 Kf8 23. Nd4 Rb7 24. Nf3 g4 25. hxg4 Bxg4 26. Rd3 b4 27.
Nd2 Be6 28. cxb4 axb4 29. Nc4 Ra8 30. a3 bxa3 31. bxa3 Ra4 32. Nd2 Rd4 33. Rxd4
Bxd4 34. Nf4 Rb2 35. Nf3 Bxf2 36. Rc1 Bg3 37. Nxe6+ fxe6 38. Ng5 Ke7 39. e5
Bxe5 40. Rxc7+ Kf6 41. Nh7+ Kf5 42. g3 d5 43. Rc1 Bxg3 44. Kg1 g5 45. Rc3 Bf4
46. Nf8 d4 47. Rh3 e5 0-1

[Event "Copenhagen Chess Challenge 2010"]
[Site "Ballerup"]
[Date "2010.??.??"]
[Round "6"]
[White "Pallesen, Jacob"]
[Black "Knudsen, Jes West"]
[Result "1-0"]
[WhiteElo "2028"]
[BlackElo "1938"]
[PlyCount "65"]
[EventDate "2010.??.??"]
[EventType "swiss"]
[EventRounds "9"]
[EventCountry "DEN"]

1. e4 c5 2. Nc3 Nc6 3. f4 g6 4. Nf3 Bg7 5. Bb5 Nd4 6. O-O a6 7. Be2 Nxe2+ 8.
Qxe2 d6 9. a4 Nh6 10. d3 O-O 11. h3 e6 12. g4 f5 13. exf5 exf5 14. g5 Re8 15.
Qh2 Nf7 16. Bd2 Be6 17. Rae1 d5 18. Nd1 Qd7 19. b3 b5 20. a5 b4 21. h4 Rab8 22.
h5 Qc7 23. Kg2 c4 24. Rh1 cxd3 25. hxg6 hxg6 26. Qh7+ Kf8 27. Nh4 Nh8 28. Nxg6+
Nxg6 29. Qxg6 Bf7 30. Qxf5 Qc6 31. Rxe8+ Rxe8 32. Bxb4+ Kg8 33. Qh7# 1-0

[Event "Copenhagen Chess Challenge 2010"]
[Site "Ballerup"]
[Date "2010.??.??"]
[Round "6"]
[White "Reppen, Ellisiv"]
[Black "Haubro, Martin"]
[Result "1/2-1/2"]
[WhiteElo "1944"]
[BlackElo "1907"]
[PlyCount "53"]
[EventDate "2010.??.??"]
[EventType "swiss"]
[EventRounds "9"]
[EventCountry "DEN"]

1. e4 c5 2. Nf3 d6 3. d4 cxd4 4. Nxd4 Nf6 5. Nc3 Nc6 6. Be2 e6 7. Be3 Be7 8.
Qd2 a6 9. O-O-O Bd7 10. f4 b5 11. Bf3 e5 12. Nf5 Bxf5 13. exf5 Qc7 14. g4 b4
15. Nd5 Nxd5 16. Bxd5 Rc8 17. h4 Na5 18. Rh2 Nc4 19. Bxc4 Qxc4 20. Kb1 O-O 21.
g5 f6 22. g6 h6 23. Re2 Rfd8 24. b3 Qb5 25. Qd5+ Qxd5 26. Rxd5 Rc3 27. Kb2
1/2-1/2

[Event "Copenhagen Chess Challenge 2010"]
[Site "Ballerup"]
[Date "2010.??.??"]
[Round "6"]
[White "Marshall, Michael"]
[Black "Petrovski, Petruli"]
[Result "1/2-1/2"]
[WhiteElo "1906"]
[BlackElo "1818"]
[PlyCount "75"]
[EventDate "2010.??.??"]
[EventType "swiss"]
[EventRounds "9"]
[EventCountry "DEN"]

1. d4 c5 2. d5 e6 3. Nc3 Nf6 4. e4 d6 5. Nf3 exd5 6. exd5 g6 7. Bb5+ Bd7 8. O-O
Bxb5 9. Re1+ Be7 10. Nxb5 O-O 11. c4 a6 12. Nc3 Nbd7 13. Bf4 Re8 14. Qd2 Qc7
15. Re2 Bf8 16. Rae1 Rxe2 17. Rxe2 Re8 18. Qe1 Rxe2 19. Qxe2 Qd8 20. h3 Qe7 21.
Qxe7 Bxe7 22. Kf1 Ne8 23. Ke2 Ndf6 24. Nd2 b5 25. b3 b4 26. Nce4 Nxe4 27. Nxe4
Kg7 28. Bc1 h6 29. g4 f6 30. Bb2 Kf7 31. Bc1 Bf8 32. Bb2 Be7 33. Bc1 Bf8 34.
Bb2 Be7 35. f4 f5 36. gxf5 gxf5 37. Ng3 Kg6 38. Kf3 1/2-1/2

[Event "Copenhagen Chess Challenge 2010"]
[Site "Ballerup"]
[Date "2010.??.??"]
[Round "6"]
[White "Christensen, Casper"]
[Black "Skovle, Lars"]
[Result "1-0"]
[WhiteElo "1893"]
[BlackElo "1678"]
[PlyCount "79"]
[EventDate "2010.??.??"]
[EventType "swiss"]
[EventRounds "9"]
[EventCountry "DEN"]

1. e4 Nf6 2. Nc3 d5 3. exd5 Nxd5 4. Nf3 Bg4 5. Bc4 e6 6. O-O Nb6 7. Be2 Bd6 8.
d3 Nc6 9. Ne4 Be7 10. a4 a5 11. c3 e5 12. Nfg5 Bd7 13. Qb3 O-O 14. Be3 h6 15.
Nf3 Be6 16. Qb5 Bd7 17. Bd1 f6 18. Qb3+ Kh8 19. Be2 Bf5 20. Rfd1 g5 21. Nc5 Qc8
22. Nd2 Rb8 23. Nde4 Kg7 24. Ng3 Bxc5 25. Nxf5+ Qxf5 26. Bxc5 Rfd8 27. Bxb6
cxb6 28. Qxb6 Rd7 29. Bf3 Ne7 30. Be4 Qg4 31. Qxa5 b6 32. Qb5 Qe6 33. a5 f5 34.
Bf3 g4 35. Be2 f4 36. a6 Rd5 37. Qc4 Rc8 38. Qe4 Ra8 39. d4 f3 40. Bc4 1-0

[Event "Copenhagen Chess Challenge 2010"]
[Site "Ballerup"]
[Date "2010.??.??"]
[Round "7"]
[White "Semcesen, Daniel"]
[Black "Haub, Thorsten Michael"]
[Result "1/2-1/2"]
[WhiteElo "2424"]
[BlackElo "2508"]
[PlyCount "39"]
[EventDate "2010.??.??"]
[EventType "swiss"]
[EventRounds "9"]
[EventCountry "DEN"]

1. d4 g6 2. c4 Bg7 3. e4 d6 4. Nf3 a6 5. Nc3 Nd7 6. Be2 e6 7. h4 h6 8. Be3 Ne7
9. d5 Nf6 10. Nd4 c5 11. dxc6 bxc6 12. Nb3 d5 13. h5 g5 14. f4 gxf4 15. Bxf4
Nxe4 16. Nxe4 e5 17. Bh2 dxe4 18. Qxd8+ Kxd8 19. O-O-O+ Kc7 20. g4 1/2-1/2

[Event "Copenhagen Chess Challenge 2010"]
[Site "Ballerup"]
[Date "2010.??.??"]
[Round "7"]
[White "Brynell, Stellan"]
[Black "Mikkelsen, Nikolaj"]
[Result "1/2-1/2"]
[WhiteElo "2479"]
[BlackElo "2388"]
[PlyCount "83"]
[EventDate "2010.??.??"]
[EventType "swiss"]
[EventRounds "9"]
[EventCountry "DEN"]

1. d4 Nf6 2. c4 g6 3. g3 Bg7 4. Bg2 d5 5. cxd5 Nxd5 6. e4 Nb6 7. Ne2 c5 8. d5
e6 9. O-O exd5 10. exd5 O-O 11. Nec3 Na6 12. a4 Bf5 13. Na3 Nb4 14. Be3 Nd3 15.
a5 Nd7 16. g4 Nxb2 17. Qd2 Qxa5 18. Nab5 Qb4 19. gxf5 a6 20. f6 Nxf6 21. Rab1
Nxd5 22. Rxb2 Nxe3 23. fxe3 Rad8 24. Rxb4 Rxd2 25. Rc4 axb5 26. Rxc5 b6 27. Rc6
Bh6 28. Nd5 Rd8 29. e4 Ra8 30. Rc7 Raa2 31. Bh3 Bf8 32. Nf6+ Kg7 33. Ng4 Bc5+
34. Kh1 Bf2 35. Ne5 Kg8 36. Nxf7 Bc5 37. Nh6+ Kh8 38. Ng4 h5 39. Rc8+ Kg7 40.
Rc7+ Kh8 41. Rc8+ Kg7 42. Rc7+ 1/2-1/2

[Event "Copenhagen Chess Challenge 2010"]
[Site "Ballerup"]
[Date "2010.??.??"]
[Round "7"]
[White "Danielsen, Henrik"]
[Black "Pedersen, Nicolai Vesterbaek"]
[Result "0-1"]
[WhiteElo "2494"]
[BlackElo "2453"]
[PlyCount "62"]
[EventDate "2010.??.??"]
[EventType "swiss"]
[EventRounds "9"]
[EventCountry "DEN"]

1. g3 e5 2. Bg2 Nf6 3. d3 d5 4. Nf3 Nbd7 5. O-O Bd6 6. Nc3 c6 7. e4 dxe4 8.
dxe4 Nc5 9. Nh4 Bg4 10. Bf3 Bh3 11. Re1 Qd7 12. Bg5 O-O-O 13. Bxf6 gxf6 14. Kh1
Ne6 15. Bg2 Bxg2+ 16. Kxg2 Nf4+ 17. Kh1 Ng6 18. Nf5 Qe6 19. Qf3 Bb4 20. Red1
Bxc3 21. Qxc3 Ne7 22. Ne3 f5 23. Qc4 fxe4 24. Qxe6+ fxe6 25. Nc4 Nf5 26. g4 Nd4
27. c3 Nf3 28. Nd6+ Rxd6 29. Rxd6 h5 30. Rxe6 hxg4 31. Kg2 Kd7 0-1

[Event "Copenhagen Chess Challenge 2010"]
[Site "Ballerup"]
[Date "2010.??.??"]
[Round "7"]
[White "Andersen, Mads"]
[Black "Hector, Jonny"]
[Result "1/2-1/2"]
[WhiteElo "2331"]
[BlackElo "2582"]
[PlyCount "75"]
[EventDate "2010.??.??"]
[EventType "swiss"]
[EventRounds "9"]
[EventCountry "DEN"]

1. e4 e5 2. Nf3 Nc6 3. Bb5 a6 4. Ba4 Nf6 5. O-O Be7 6. Re1 d6 7. c3 Bg4 8. d3
Nd7 9. Nbd2 Nc5 10. Bc2 Ne6 11. h3 Bh5 12. Nf1 Ng5 13. Bxg5 Bxg5 14. Ng3 Bxf3
15. Qxf3 g6 16. Rad1 Qf6 17. Qxf6 Bxf6 18. Nf1 Kd7 19. g3 Bg7 20. Kg2 Rhf8 21.
Ne3 Rae8 22. b4 Ne7 23. Ba4+ b5 24. Bb3 f5 25. a4 c6 26. Ra1 Ra8 27. Ra2 Bh6
28. Rea1 Bxe3 29. fxe3 fxe4 30. dxe4 Rac8 31. axb5 cxb5 32. Rxa6 Rxc3 33. Ra7+
Kd8 34. Be6 Rc2+ 35. Kg1 Rf6 36. Ra8+ Kc7 37. R1a7+ Kb6 38. Ra6+ 1/2-1/2

[Event "Copenhagen Chess Challenge 2010"]
[Site "Ballerup"]
[Date "2010.??.??"]
[Round "7"]
[White "Tikkanen, Hans"]
[Black "Teplyi, Igor"]
[Result "1/2-1/2"]
[WhiteElo "2465"]
[BlackElo "2315"]
[PlyCount "39"]
[EventDate "2010.??.??"]
[EventType "swiss"]
[EventRounds "9"]
[EventCountry "DEN"]

1. d4 Nf6 2. c4 g6 3. Nc3 d5 4. Nf3 Bg7 5. Qb3 dxc4 6. Qxc4 O-O 7. e4 Na6 8.
Be2 c5 9. d5 e6 10. O-O exd5 11. exd5 Bf5 12. a3 Re8 13. Bd3 b5 14. Qxb5 Nc7
15. Qc4 Bxd3 16. Qxd3 Ncxd5 17. Bg5 Nxc3 18. Qxc3 Qb6 19. Rab1 Rab8 20. Qc4
1/2-1/2

[Event "Copenhagen Chess Challenge 2010"]
[Site "Ballerup"]
[Date "2010.??.??"]
[Round "7"]
[White "Grabarczyk, Miroslaw"]
[Black "Skovgaard, Peter Nicolai"]
[Result "1-0"]
[WhiteElo "2450"]
[BlackElo "2307"]
[PlyCount "135"]
[EventDate "2010.??.??"]
[EventType "swiss"]
[EventRounds "9"]
[EventCountry "DEN"]

1. d4 Nf6 2. c4 e6 3. g3 d5 4. Bg2 dxc4 5. Qa4+ Bd7 6. Qxc4 Bc6 7. Nf3 Nbd7 8.
Nc3 Bd6 9. O-O O-O 10. Rd1 Qe7 11. Qd3 Rfd8 12. e4 e5 13. d5 Nc5 14. Qc2 Bd7
15. b4 Na6 16. a3 Rac8 17. Qe2 c6 18. dxc6 Rxc6 19. Bb2 Rcc8 20. Nb5 Bb8 21.
Rac1 Rxc1 22. Rxc1 Qe8 23. Nc3 Nc7 24. Nxe5 Qxe5 25. Nd5 Qd6 26. Nxc7 Nxe4 27.
Bxe4 Bxc7 28. Bxb7 Re8 29. Qd1 Qxd1+ 30. Rxd1 Ba4 31. Rc1 Bb6 32. Rc8 Rxc8 33.
Bxc8 h5 34. Bc3 f6 35. Be6+ Kf8 36. Bd5 Ke7 37. Bf3 g6 38. Be2 f5 39. Bc4 Be8
40. h4 Bf7 41. Bd3 Bb3 42. Kf1 Kd6 43. Bb5 Bf7 44. Ke2 Ke7 45. Bd2 Bc7 46. Be3
a5 47. Kd3 Bd5 48. Kd4 Bf3 49. Bg5+ Kf8 50. Kc5 axb4 51. axb4 Bb8 52. Kb6 Bd6
53. Ka5 Bc7+ 54. Ka4 Bd1+ 55. Ka3 Bb6 56. Be3 Bxe3 57. fxe3 Bf3 58. Bc4 Ke7 59.
b5 Kf6 60. Kb4 g5 61. Kc5 gxh4 62. gxh4 Ke5 63. b6 Bb7 64. Bf1 f4 65. exf4+
Kxf4 66. Kd6 Kg3 67. Kc7 Bf3 68. Bb5 1-0

[Event "Copenhagen Chess Challenge 2010"]
[Site "Ballerup"]
[Date "2010.??.??"]
[Round "7"]
[White "Both, Erik"]
[Black "Bromann, Thorbjorn"]
[Result "0-1"]
[WhiteElo "2188"]
[BlackElo "2435"]
[PlyCount "56"]
[EventDate "2010.??.??"]
[EventType "swiss"]
[EventRounds "9"]
[EventCountry "DEN"]

1. e4 g6 2. d4 Bg7 3. Nc3 d6 4. f4 a6 5. Nf3 b5 6. Be3 Nd7 7. Bd3 c5 8. e5 Bb7
9. Be4 Qc8 10. dxc5 dxe5 11. Bxb7 Qxb7 12. Qd5 Qxd5 13. Nxd5 Rc8 14. Nb6 Nxb6
15. cxb6 e4 16. O-O-O exf3 17. b7 Rb8 18. Bb6 fxg2 19. Rhg1 Nf6 20. Bc7 O-O 21.
Bxb8 Rxb8 22. Rxg2 Bh6 23. c3 Bxf4+ 24. Kc2 Rxb7 25. Rd8+ Kg7 26. Ra8 Rb6 27.
h3 Nd5 28. Re2 Bb8 0-1

[Event "Copenhagen Chess Challenge 2010"]
[Site "Ballerup"]
[Date "2010.??.??"]
[Round "7"]
[White "Smith, Axel"]
[Black "Matthiesen, Martin"]
[Result "1/2-1/2"]
[WhiteElo "2408"]
[BlackElo "2290"]
[PlyCount "115"]
[EventDate "2010.??.??"]
[EventType "swiss"]
[EventRounds "9"]
[EventCountry "DEN"]

1. e4 e5 2. Nf3 Nf6 3. Nxe5 d6 4. Nf3 Nxe4 5. d4 d5 6. Bd3 Nc6 7. O-O Be7 8. c4
Nb4 9. cxd5 Nxd3 10. Qxd3 Qxd5 11. Re1 Bf5 12. g4 Bg6 13. Nc3 Nxc3 14. Qxc3 f6
15. Qxc7 O-O 16. Rxe7 Qxf3 17. Rxg7+ Kh8 18. Bh6 Qxg4+ 19. Qg3 Qxg3+ 20. hxg3
Rf7 21. Rxf7 Bxf7 22. Rd1 Bxa2 23. d5 Kg8 24. Bf4 Kf7 25. Kg2 Rd8 26. d6 Be6
27. Be3 b6 28. Ra1 Rxd6 29. Rxa7+ Rd7 30. Rxd7+ Bxd7 31. Bxb6 Bc6+ 32. Kf1 Ke6
33. Ke2 h5 34. Ke3 Ba4 35. Kd4 Bd1 36. Kc5 Bf3 37. Bd8 f5 38. b4 Kd7 39. Bg5
Kc7 40. b5 Kb7 41. b6 Bg4 42. Be3 Bf3 43. Kd6 Bg4 44. Ke5 Kc6 45. Kf4 Kb7 46.
Bd4 Kc6 47. f3 Bh3 48. Kg5 Bg2 49. f4 Bh3 50. Kxh5 Bg4+ 51. Kg5 Kb7 52. Kf6 Bh3
53. Ke6 Bg4 54. Kd6 Bh3 55. Be3 Bg4 56. Bg1 Bh3 57. g4 Bxg4 58. Ke5 1/2-1/2

[Event "Copenhagen Chess Challenge 2010"]
[Site "Ballerup"]
[Date "2010.??.??"]
[Round "7"]
[White "Bejtovic, Jasmin"]
[Black "Hove, Esben Kjems"]
[Result "1/2-1/2"]
[WhiteElo "2384"]
[BlackElo "2269"]
[PlyCount "82"]
[EventDate "2010.??.??"]
[EventType "swiss"]
[EventRounds "9"]
[EventCountry "DEN"]

1. d4 d5 2. Nf3 Nf6 3. g3 c6 4. Bg2 Bf5 5. O-O h6 6. c4 e6 7. Nc3 Nbd7 8. Qb3
Qb6 9. c5 Qa6 10. Qd1 b6 11. b4 bxc5 12. bxc5 Rb8 13. Re1 Be7 14. Bf4 Rb7 15.
Ne5 Nxe5 16. Bxe5 O-O 17. e4 Bg6 18. exd5 exd5 19. Rc1 Rd8 20. Bf1 Qa5 21. Qa4
Qxa4 22. Nxa4 Ne4 23. Nc3 Bg5 24. f4 Be7 25. g4 f6 26. Ba6 Rbd7 27. Nxe4 Bxe4
28. Bd6 Bxd6 29. cxd6 Rxd6 30. Rc5 Rb8 31. Bc4 Kf8 32. Bb3 f5 33. g5 hxg5 34.
fxg5 Kf7 35. Kf2 Kg6 36. h4 Rh8 37. Kg3 f4+ 38. Kxf4 Rxh4+ 39. Ke5 Rd8 40.
Rxc6+ Kxg5 41. Rc7 Kh6 1/2-1/2

[Event "Copenhagen Chess Challenge 2010"]
[Site "Ballerup"]
[Date "2010.??.??"]
[Round "7"]
[White "Veng, Johny"]
[Black "Westerinen, Heikki"]
[Result "1/2-1/2"]
[WhiteElo "2237"]
[BlackElo "2347"]
[PlyCount "91"]
[EventDate "2010.??.??"]
[EventType "swiss"]
[EventRounds "9"]
[EventCountry "DEN"]

1. d4 Nf6 2. c4 g6 3. Nc3 Bg7 4. e4 d6 5. Bd3 O-O 6. Nge2 Nc6 7. O-O Nh5 8. Bc2
e5 9. d5 Ne7 10. a4 f5 11. exf5 gxf5 12. Ng3 Nxg3 13. fxg3 Bd7 14. Ra3 a6 15.
Qh5 Qe8 16. Qh4 Ng6 17. Qh5 e4 18. Nd1 f4 19. Re1 Ne5 20. Qxe8 Raxe8 21. gxf4
Nxc4 22. Rg3 Kh8 23. Bb3 Bd4+ 24. Kh1 b5 25. axb5 axb5 26. Bxc4 bxc4 27. Ra3
Rf5 28. Ne3 Bxe3 29. Bxe3 Rxd5 30. Ra7 Rc8 31. h3 Rd3 32. Bf2 d5 33. Bh4 Kg7
34. Ra6 Bxh3 35. Bf6+ Kf7 36. gxh3 Rxh3+ 37. Kg2 Rh6 38. Rd1 Rxf6 39. Rxf6+
Kxf6 40. Rxd5 Rb8 41. Rc5 Rxb2+ 42. Kg3 e3 43. Rxc4 e2 44. Kf2 Kf5 45. Rxc7 h5
46. Rc5+ 1/2-1/2

[Event "Copenhagen Chess Challenge 2010"]
[Site "Ballerup"]
[Date "2010.??.??"]
[Round "7"]
[White "Berg, Klaus"]
[Black "Kristensen, Kaare Hove"]
[Result "1-0"]
[WhiteElo "2428"]
[BlackElo "2258"]
[PlyCount "89"]
[EventDate "2010.??.??"]
[EventType "swiss"]
[EventRounds "9"]
[EventCountry "DEN"]

1. c4 e6 2. d4 d5 3. Nf3 c5 4. cxd5 exd5 5. e3 Nf6 6. Be2 Nc6 7. O-O a6 8. b3
cxd4 9. Nxd4 Bd6 10. Bb2 O-O 11. Nc3 Be6 12. Rc1 Nxd4 13. Qxd4 Rc8 14. Rfd1 Qe7
15. Bf3 Bc5 16. Qe5 Bd6 17. Qd4 Bc5 18. Qh4 Ba3 19. Bxa3 Qxa3 20. Qa4 Qxa4 21.
Nxa4 Rxc1 22. Rxc1 Rc8 23. Rxc8+ Bxc8 24. Kf1 Kf8 25. Ke2 Ke7 26. Kd3 Kd6 27.
Kd4 Bg4 28. Nc5 Bc8 29. b4 b6 30. Na4 Kc6 31. Nc3 Be6 32. a4 a5 33. b5+ Kd6 34.
h3 h5 35. Bd1 g6 36. Bb3 Ne4 37. Nxe4+ dxe4 38. Bxe6 fxe6 39. h4 e5+ 40. Kxe4
Kc5 41. Kxe5 Kb4 42. Kd5 Kxa4 43. Kc4 Ka3 44. e4 a4 45. e5 1-0

[Event "Copenhagen Chess Challenge 2010"]
[Site "Ballerup"]
[Date "2010.??.??"]
[Round "7"]
[White "Poulsen, Iver"]
[Black "Christensen, Casper"]
[Result "0-1"]
[WhiteElo "2140"]
[BlackElo "1893"]
[PlyCount "56"]
[EventDate "2010.??.??"]
[EventType "swiss"]
[EventRounds "9"]
[EventCountry "DEN"]

1. e4 c5 2. Nf3 d6 3. d4 cxd4 4. Nxd4 Nc6 5. Nc3 g6 6. Be3 Bg7 7. Qd2 Nf6 8. f3
O-O 9. Bc4 e6 10. O-O-O d5 11. exd5 Nxd5 12. Nxd5 exd5 13. Bb3 Na5 14. Bh6
Nxb3+ 15. Nxb3 Be6 16. h4 Qf6 17. Bxg7 Qxg7 18. h5 g5 19. Nd4 h6 20. Rhe1 Qf6
21. Re3 a6 22. Rde1 Rfe8 23. Nb3 Rac8 24. Qd4 Qf5 25. c3 Rc4 26. Qe5 Qxe5 27.
Rxe5 Rec8 28. Nd4 Rxd4 0-1